000 00570cam3a220014500 4500
005 20190813131556.0
008 980930
020 _a9966469761
035 _a(Sirsi) a141861
050 0 _aRD137.5
_bShi
100 0 _aShija, Joseph K.
_6A111810.1
245 1 0 _aAn atlas of paediatric surgical problems in the tropics :
_ban illustrated clinical manual for doctors,nurses and students /
260 _aNairobi :
_bEast African Educational Publishers Limited
_c1987.
650 0 _aChildren surgery -- Tropics
_xChildren surgery -- Tropics
_6S85001.1
999 _c31683
_d31683